00463nam a2200145Ia 4500008004100000020001500041100002200056245005900078260001300137500002400150650003500174942000700209952008400216999001700300230524s9999 xx 000 0 und d a1403911029 aShiv Khera936643 0aLiving with Honour: What?s Easy to See is Easy to Miss bMcMillan aQuantity Number: 1 aPersonality Development936644 cBK 00104070aTATCLbTATCLcGENd2023-05-24l0p44984r2023-05-24w2023-05-24yBK c50680d50680